European Capitals Ending in Consonants - Statistics

General Stats
  • This quiz has been taken 183 times
  • The average score is 22 of 24
Answer Stats
Capital City % Correct
Berlin
98%
London
97%
Budapest
96%
Dublin
96%
Madrid
96%
Bern
95%
Bucharest
95%
Lisbon
94%
Paris
94%
Amsterdam
93%
Moscow
93%
Copenhagen
92%
Stockholm
92%
Athens
91%
Minsk
91%
Warsaw
91%
Zagreb
91%
Brussels
90%
Tallinn
90%
Vilnius
89%
Luxembourg
88%
Vaduz
87%
Kiev
85%
Reykjavik
79%
No matching quizzes found
Score Distribution
Percent of People with Each Score
Percentile by Number Answered
Your Score History
You have not taken this quiz